000 00985nam a2200277 i 4500
001 106031
003 ES-MaACL
005 20250929063144.0
007 t|
008 060921s1976 sp ||||1| spa d
020 _a84-229-0195-1
080 _a929 Maurín, Joaquín
080 _a929 Sánchez, Manuel
080 _a94(460)"1936/39"(093.3)
100 0 _aSánchez, Manuel,
_d1910-
_9102405
245 1 0 _aMaurín, gran enigma de la guerra y otros recuerdos /
_cManuel Sánchez.
260 _aMadrid :
_bCuadernos para el Diálogo,
_c1976.
300 _a340 p. ;
_c18 cm.
490 1 _aDivulgación universitaria. Historia ;
_v94
600 1 4 _aMaurín, Joaquín.
_979263
651 4 _aEspaña-
_xHistoria-
_y1936-1939, Guerra civil-
_vRelatos personales.
_98326
710 2 _aCuadernos para el Diálogo.
_93333
830 1 _aDivulgación universitaria. Historia ;
_v94
_9183300
852 _aES-MaACL
_jAND-817
_z- Biblioteca Juan Andrade
999 _c106031
_d106031